| 000 | 00388cam a2200157ua 4500 | ||
|---|---|---|---|
| 003 | OSt | ||
| 008 | 250617b |||||||| |||| 00| 0 eng d | ||
| 082 |
_a624.1821 _bVAZ/ST |
||
| 100 |
_aVazirani, V. N . _91702 |
||
| 245 | _aSteel structures / | ||
| 250 | _a1 / | ||
| 260 |
_aDelhi : _bKhanna Publishers , _c1967. |
||
| 300 | _a246 ; . | ||
| 700 | 1 |
_aRatwani, M. M . _91703 |
|
| 942 | _cBK | ||
| 999 |
_c9595 _d9595 |
||